Darth Vader Quotes - Statistics

General Stats
  • This quiz has been taken 807 times
  • The average score is 8 of 10
Answer Stats
Episode Quote Missing Word/Phrase % Correct
A New Hope "The Force is ______ with this one." strong
97%
The Empire Strikes Back "If you only knew the _____ of the Dark Side." power
95%
A New Hope "When I left you I was but the learner; now I am the ______." master
94%
Return of the Jedi "Luke... help me take this ____ off." mask
88%
A New Hope “I find your ____ __ _____ disturbing” lack of faith
83%
The Empire Strikes Back "__. I am your father." No
82%
Return of the Jedi "That ____ no longer has any meaning for me!" name
75%
Return of the Jedi "I hope so, Commander, for your sake. The Emperor is not as _________ as I am." forgiving
72%
Rogue One "Be careful not to _____ on your aspirations, Director." choke
50%
The Empire Strikes Back "You have controlled your fear. Now, release your anger. Only your ______ can destroy me." hatred
49%
No matching quizzes found
Score Distribution
Percent of People with Each Score
Percentile by Number Answered
Your Score History
You have not taken this quiz